Statistics for Pasaules viktorīnas valstis

Click here to take the quiz!

General Stats

  • This quiz has been taken 34 times
  • The average score is 99 of 196

Answers on the Map

Answers color-coded by a green-red scale on the quiz's map according to % correct below.
 

Answer Stats

Valsts% Correct
Kanāda
94%
Latvija
89%
Lietuva
89%
Slovākija
89%
Austrālija
83%
Austrija
83%
Beļģija
83%
Francija
83%
Itālija
83%
Meksika
83%
Slovēnija
83%
Spānija
83%
Bolīvija
78%
Brazīlija
78%
Bulgārija
78%
Dānija
78%
Indija
78%
Irāna
78%
Kuba
78%
Norvēģija
78%
Serbija
78%
Sudāna
78%
Ukraina
78%
Albānija
72%
Argentīna
72%
Čīle
72%
Dominika
72%
Haiti
72%
Irāka
72%
Ķīna
72%
Krievija
72%
Mongolija
72%
Panama
72%
Peru
72%
Polija
72%
Turcija
72%
Baltkrievija
67%
Ēģipte
67%
Igaunija
67%
Kolumbija
67%
Kostarika
67%
Laosa
67%
Lībija
67%
Malta
67%
Nepāla
67%
Paragvaja
67%
Rumānija
67%
Sīrija
67%
Šrilanka
67%
Urugvaja
67%
Vācija
67%
Afganistāna
61%
Čehija
61%
Dienvidkoreja
61%
Etiopija
61%
Horvātija
61%
Indonēzija
61%
Jamaika
61%
Madagaskara
61%
Mali
61%
Maroka
61%
Moldova
61%
Nigērija
61%
Portugāle
61%
Somālija
61%
Surinama
61%
Ungārija
61%
Uzbekistāna
61%
Ziemeļkoreja
61%
Angola
56%
Armēnija
56%
Bangladeša
56%
Beliza
56%
Ekvadora
56%
Grieķija
56%
Gvatemala
56%
Japāna
56%
Jemena
56%
Kiribati
56%
Lielbritānija
56%
Luksemburga
56%
Malaizija
56%
Nīderlande
56%
Nigēra
56%
Omāna
56%
Pakistāna
56%
Palau
56%
Samoa
56%
Sanmarīno
56%
Somija
56%
Tanzānija
56%
Tonga
56%
Turkmenistāna
56%
Uganda
56%
Zviedrija
56%
Amerikas Savienotās Valstis
50%
Andora
50%
Bahamas
50%
Butāna
50%
Čada
50%
Dienvidsudāna
50%
Dominikāna
50%
Eritreja
50%
Gajāna
50%
Gruzija
50%
Gvineja
50%
Īrija
50%
Islande
50%
Izraēla
50%
Kambodža
50%
Kamerūna
50%
Kipra
50%
Libērija
50%
Mauritānija
50%
Mozambika
50%
Namībija
50%
Nauru
50%
Nikaragva
50%
Ruanda
50%
Šveice
50%
Taizeme
50%
Togo
50%
Venecuēla
50%
Zambija
50%
Alžīrija
44%
Botsvāna
44%
Bruneja
44%
Burundi
44%
Fidži
44%
Gabona
44%
Gambija
44%
Gana
44%
Jaunzēlande
44%
Jordānija
44%
Kenija
44%
Monako
44%
Salvadora
44%
Senegāla
44%
Tadžikistāna
44%
Taivāna
44%
Tuvalu
44%
Vanuatu
44%
Vjetnama
44%
Ziemeļmaķedonija
44%
Zimbabve
44%
Azerbaidžāna
39%
Benina
39%
Burkinafaso
39%
Filipīnas
39%
Hondurasa
39%
Katara
39%
Kazahstāna
39%
Lesoto
39%
Melnkalne
39%
Singapūra
39%
Tunisija
39%
Grenāda
33%
Libāna
33%
Mjanma
33%
Saūda Arābija
33%
Vatikāns
33%
Bahreina
28%
Bosnija un
Hercegovina
28%
Ekvatoriālā Gvineja
28%
Kaboverde
28%
Kuveita
28%
Malāvija
28%
Papua-Jaungvineja
28%
Seišelu salas
28%
Barbadosa
22%
Dienvidāfrikas Republika
22%
Kongo Republika
22%
Lihtenšteina
22%
Apvienotie Arābu Emirāti
17%
Džibutija
17%
Gvineja - bisava
17%
Kirgīzija
17%
Kosovas
17%
Kotdivuāra
17%
Maldīvija
17%
Maurīcija
17%
Sjerraleone
17%
Trinidāda un Tobāgo
17%
Zālamana Salas
17%
Antigva un Barbuda
11%
Austrumtimora
11%
Centrālāfrikas Republika
11%
Māršala Salas
11%
Sentlūsija
11%
Demokrātiskā Republika
Kongo
6%
Federatīvās Valstis
Mikronēzija
6%
Komoru salas
6%
Santome un Prinsipi
6%
Sentkitsa un Nevisa
6%
Sentvinsenta un
Grenadīnas
6%
Svatini
6%

Score Distribution

Percentile by Number Answered

Percent of People with Each Score

Your Score History

You have not taken this quiz